ბათუმის შოთა რუსთაველის სახელმწიფო უნივერსიტეტის ბიბლიოთეკა

კრიმინოლოგია და სამართალდამცავი სისტემა საქართველოში (ბიბ.ჩანაწერი № 39088)

000 -LEADER
fixed length control field 00757nam a2200193Ia 4500
001 - CONTROL NUMBER
control field 5657
003 - CONTROL NUMBER IDENTIFIER
control field GE_BSU
008 - FIXED-LENGTH DATA ELEMENTS--GENERAL INFORMATION
fixed length control field 181216s||||||||xx |||||||||||||| ||und||
020 ## - INTERNATIONAL STANDARD BOOK NUMBER
International Standard Book Number 978994100549
040 ## - CATALOGING SOURCE
Transcribing agency GE_BSU
080 ## - UNIVERSAL DECIMAL CLASSIFICATION NUMBER
Universal Decimal Classification number 343.9
245 ## - TITLE STATEMENT
Title კრიმინოლოგია და სამართალდამცავი სისტემა საქართველოში
245 ## - TITLE STATEMENT
Statement of responsibility, etc. სამეც.რედ.პროფ.გიორგი ღლონტი
260 ## - PUBLICATION, DISTRIBUTION, ETC.
Place of publication, distribution, etc. თბილისი
260 ## - PUBLICATION, DISTRIBUTION, ETC.
Date of publication, distribution, etc. 2008
300 ## - PHYSICAL DESCRIPTION
Extent 478გვ.29სმ.
653 ## - INDEX TERM--UNCONTROLLED
Uncontrolled term კრიმინოლოგია და სამართალდამცავი სისტემა საქართველოში
942 ## - ADDED ENTRY ELEMENTS (KOHA)
Koha item type წიგნი

არაა ხელმისაწვდომი ეგზემპლარები.